|
|
|
|
| LEADER |
00000nam0a2200000 4500 |
| 001 |
335434 |
| 005 |
20231102004743.0 |
| 035 |
|
|
|a (RuTPU)RU\TPU\book\361805
|
| 090 |
|
|
|a 335434
|
| 100 |
|
|
|a 20170922d1973 k y0rusy50 ca
|
| 101 |
0 |
|
|a rus
|
| 102 |
|
|
|a RU
|
| 105 |
|
|
|a a z 001zy
|
| 200 |
1 |
|
|a Потенциометрическое исследование ассоциации молекулярного брома с бромид-ионами
|e отдельный оттиск
|f В. И. Кравцов, Л. Я. Смирнова, Л. Ю. Зверева
|
| 210 |
|
|
|a Ленинград
|c Изд-во Ленинградского ун-та
|d 1973
|
| 215 |
|
|
|a 5 с.
|c ил.
|
| 225 |
1 |
|
|a Вестник Ленинградского университета
|v № 22
|
| 320 |
|
|
|a Библиогр. в конце ст.
|
| 606 |
1 |
|
|a Потенциометрия
|2 stltpush
|3 (RuTPU)RU\TPU\subj\50953
|9 69567
|
| 610 |
1 |
|
|a оттиски
|
| 610 |
1 |
|
|a библиотека А. Г. Стромберга
|
| 610 |
1 |
|
|a бром
|
| 610 |
1 |
|
|a бромид-ионы
|
| 610 |
1 |
|
|a потенциометрические исследования
|
| 675 |
|
|
|a 543.554
|v 4
|
| 700 |
|
1 |
|a Кравцов
|b В. И.
|
| 701 |
|
1 |
|a Смирнова
|b Л. Я.
|
| 701 |
|
1 |
|a Зверева
|b Л. Ю.
|
| 801 |
|
1 |
|a RU
|b 63413507
|c 20170922
|
| 801 |
|
2 |
|a RU
|b 63413507
|c 20171207
|g RCR
|
| 942 |
|
|
|c BK
|